[Event "AUTO-ADV-3249"]
[Site "http://www.queenalice.com/game.php?id=1310913"]
[Date "2014.9.27"]
[Round "1"]
[White "GustavoFS"]
[Black "qwertyuiop"]
[Result "0-1"]
[WhiteElo "1882"]
[BlackElo "1905"]

1. e4 c5 2. Nf3 e6 3. Nc3 a6 4. d3 Qc7 5. Be2 Nc6 6. Be3 Nf6 7. Qd2 Be7 8. O-O
O-O 9. Ng5 h6 10. Nh3 d5 11. Na4 Ne5 12. Qc1 Neg4 13. Bf4 e5 14. Bg3 dxe4 15.
dxe4 Nxe4 16. f3 Nxg3 17. hxg3 Nf6 18. Qe3 Bxh3 19. gxh3 Bd6 20. Rad1 Rfe8 21.
Nc3 e4 22. Qd2 Bxg3 23. Kh1 Qc8 24. Kg2 e3 25. Qd3 Bf4 26. Rh1 Rd8 27. Qc4 Qf5
28. Bd3 Qg5+ 29. Kf1 Qg3 30. Rd2 Qxf3+ 31. Ke1 exd2# 0-1

[Event "AUTO-ADV-3249"]
[Site "http://www.queenalice.com/game.php?id=1310914"]
[Date "2014.9.27"]
[Round "1"]
[White "qwertyuiop"]
[Black "GustavoFS"]
[Result "1-0"]
[WhiteElo "1952"]
[BlackElo "1779"]

1. d4 e6 2. c4 Nf6 3. Nc3 Nc6 4. Nf3 Be7 5. e4 d6 6. Bd3 Nb4 7. Qa4+ Nc6 8. d5
Bd7 9. dxc6 Bxc6 10. Qc2 O-O 11. O-O Ng4 12. h3 Nf6 13. Re1 e5 14. Bg5 a6 15.
Bxf6 Bxf6 16. Nd5 Bd7 17. b4 c6 18. Nxf6+ Qxf6 19. c5 Qg6 20. Nh4 Qh5 21. Nf5 g6
22. Nxd6 Qg5 23. Nxb7 Bxh3 24. g3 Qf6 25. Bf1 Bg4 26. Nd6 Qf3 27. Be2 Qa3 28.
Bxg4 Qxb4 29. Qc4 Qd2 30. Re3 Rab8 31. Qc3 Qxc3 32. Rxc3 h5 33. Bd7 Rb2 34. Bxc6
f5 35. Bd5+ Kg7 36. c6 fxe4 37. c7 Rfxf2 38. c8=Q Rg2+ 39. Kf1 Rbf2+ 40. Ke1
Re2+ 41. Kd1 Ref2 42. Qg8+ Kh6 43. Qh8+ Kg5 44. Qxe5+ Kh6 45. Re3 Rd2+ 46. Kc1
Rdf2 47. Re1 Rc2+ 48. Kb1 a5 49. Nf7+ 1-0

[Event "AUTO-ADV-3249"]
[Site "http://www.queenalice.com/game.php?id=1310927"]
[Date "2014.9.27"]
[Round "1"]
[White "mouderjr"]
[Black "qwertyuiop"]
[Result "0-1"]
[WhiteElo "1855"]
[BlackElo "1939"]

1. Nf3 c5 2. c4 Nc6 3. d4 cxd4 4. Nxd4 e6 5. a3 Nf6 6. Nc3 Bc5 7. Nxc6 bxc6 8.
b4 Bxf2+ 9. Kxf2 Ng4+ 10. Ke1 Qf6 11. Kd2 Nf2 12. Qe1 Nxh1 13. Kc2 Nf2 14. Kb3
O-O 15. h3 Ne4 16. Bb2 Nxc3 17. Bxc3 Qd8 18. Qg3 f6 19. e4 d5 20. Ra2 dxe4 21.
Rd2 Qe7 22. c5 Rd8 23. Rf2 e5 24. Kb2 Be6 25. h4 Qf7 26. Kc1 Rd7 27. Rd2 Rxd2
28. Kxd2 Bc4 29. Ke1 Bxf1 30. Kxf1 Qc4+ 31. Kg1 Rd8 32. Qh3 Qb3 33. h5 h6 34.
Kh2 Qxa3 35. Qe6+ Kh8 36. Qc4 Qc1 37. b5 Qf4+ 38. g3 Qf2+ 39. Kh3 Qf5+ 40. Kg2
Qf3+ 41. Kh3 Rd1 0-1

[Event "AUTO-ADV-3249"]
[Site "http://www.queenalice.com/game.php?id=1310928"]
[Date "2014.9.27"]
[Round "1"]
[White "qwertyuiop"]
[Black "mouderjr"]
[Result "0-1"]
[WhiteElo "1909"]
[BlackElo "1873"]

1. d4 e6 2. c4 b6 3. Nc3 Bb7 4. e4 Bb4 5. Bd3 d6 6. Ne2 Bxc3+ 7. bxc3 Ne7 8. O-O
O-O 9. Bf4 Nd7 10. e5 d5 11. c5 bxc5 12. dxc5 Nxc5 13. Be3 Nxd3 14. Qxd3 Nc6 15.
Rfb1 Rb8 16. f4 f5 17. Nd4 Qd7 18. Nxc6 Bxc6 19. Bxa7 Rbd8 20. Bc5 Rfe8 21. c4
dxc4 22. Qxc4 Qd2 23. Qf1 Rd5 24. Rc1 Ra8 25. Bf2 Bb5 26. Qe1 Qxf4 27. Rxc7 Rxe5
28. Qc3 Rd8 29. Rc5 Re2 30. Rf1 Rxf2 0-1

[Event "AUTO-ADV-3249"]
[Site "http://www.queenalice.com/game.php?id=1310937"]
[Date "2014.9.27"]
[Round "1"]
[White "qwertyuiop"]
[Black "Bategoll"]
[Result "1-0"]
[WhiteElo "1894"]
[BlackElo "1867"]

1. d4 Nf6 2. c4 e6 3. Nc3 Bb4 4. Qc2 Bxc3+ 5. Qxc3 Ne4 6. Qc2 Nxf2 7. Kxf2 Qh4+
8. Ke3 d6 9. Nf3 Qe7 10. Kf2 Nd7 11. e4 e5 12. d5 Nc5 13. Bd3 Bg4 14. Bg5 f6 15.
Bh4 g5 16. Bg3 h5 17. h4 O-O-O 18. Nd2 Kb8 19. b4 Nxd3+ 20. Qxd3 Qf7 21. Rhf1 f5
22. Kg1 gxh4 23. Bxh4 Rdg8 24. exf5 Bh3 25. Qxh3 Rg4 26. f6 Rhg8 27. Rf2 a6 28.
Rc1 Qd7 29. Rc3 Rxg2+ 30. Rxg2 1-0

[Event "AUTO-ADV-3249"]
[Site "http://www.queenalice.com/game.php?id=1310938"]
[Date "2014.9.27"]
[Round "1"]
[White "Bategoll"]
[Black "qwertyuiop"]
[Result "0-1"]
[WhiteElo "1871"]
[BlackElo "1878"]

1. e4 c5 2. Nf3 d6 3. Be2 Nf6 4. d3 g6 5. O-O Bg7 6. Nc3 O-O 7. Bd2 Nc6 8. Qc1
Nd4 9. Nxd4 cxd4 10. Nd1 Be6 11. f4 Bg4 12. Bxg4 Nxg4 13. Nf2 Nxf2 14. Rxf2 e6
15. Rf3 f5 16. exf5 Rxf5 17. Qe1 Bh6 18. Qxe6+ Kh8 19. Qe4 Qb6 20. c3 Qxb2 21.
Qxd4+ Bg7 0-1

[Event "AUTO-MASTER-2214"]
[Site "http://www.queenalice.com/game.php?id=1330453"]
[Date "2014.12.25"]
[Round "1"]
[White "qwertyuiop"]
[Black "cksl333"]
[Result "1/2-1/2"]
[WhiteElo "1892"]
[BlackElo "2242"]

1. d4 Nf6 2. c4 e6 3. Nc3 Bb4 4. e3 b6 5. Bd3 Bb7 6. Nf3 O-O 7. O-O c5 8. Na4 d5
9. a3 Ba5 10. dxc5 dxc4 11. Bxc4 bxc5 12. Qxd8 Rxd8 13. Nxc5 Bxf3 14. gxf3 Bb6
15. Ne4 Nxe4 16. fxe4 Nc6 17. Be2 Na5 18. b4 Nb3 19. Rb1 Nd2 1/2-1/2

[Event "AUTO-MASTER-2214"]
[Site "http://www.queenalice.com/game.php?id=1330454"]
[Date "2014.12.25"]
[Round "1"]
[White "cksl333"]
[Black "qwertyuiop"]
[Result "1/2-1/2"]
[WhiteElo "2284"]
[BlackElo "1978"]

1. e4 c5 2. Nc3 Nc6 3. f4 g6 4. Nf3 Bg7 5. Bb5 Nd4 6. O-O Nxb5 7. Nxb5 a6 8. Nc3
d6 9. d3 b5 10. Nd5 e6 11. Ne3 Ne7 12. Kh1 O-O 13. c3 d5 14. Qc2 dxe4 15. dxe4
Qc7 16. Bd2 Qxf4 17. Nf5 Qc7 18. Nxg7 Kxg7 19. Qc1 Ng8 20. Bf4 Qe7 21. Qe3 Bb7
22. Ne5 f6 23. Ng4 e5 24. Bh6+ Nxh6 25. Qxh6+ Kg8 26. Qh4 g5 27. Qe1 Bc8 28. Ne3
Be6 29. Qe2 Kh8 30. b3 Qb7 31. Nf5 Bxf5 1/2-1/2

[Event "AUTO-MASTER-2214"]
[Site "http://www.queenalice.com/game.php?id=1330457"]
[Date "2014.12.25"]
[Round "1"]
[White "qwertyuiop"]
[Black "mauricio_sm"]
[Result "1-0"]
[WhiteElo "1961"]
[BlackElo "1993"]

1. d4 Nf6 2. c4 e6 3. Nc3 Be7 4. e4 d6 5. Nf3 Nbd7 6. Be2 b6 7. O-O Bb7 8. e5
dxe5 9. dxe5 Ng4 10. Bf4 f6 11. exf6 Ngxf6 12. Nb5 Rc8 13. Nxa7 Ra8 14. Nb5 Rc8
15. Nfd4 Kf7 16. Bg5 Nc5 17. Bxf6 Bxf6 18. Nc2 Qxd1 19. Bxd1 Bxb2 20. Rb1 Bf6
21. Ne3 Ne4 22. Re1 Nc3 23. Nxc3 Bxc3 24. Bh5+ g6 25. Rec1 Bd4 26. Bf3 Bxf3 27.
gxf3 e5 28. Ng2 Rhf8 29. Rd1 Ke6 30. f4 Rf5 31. fxe5 Bxe5 32. Re1 Kf7 33. Rb5
Bd6 34. Rxf5+ gxf5 35. Ne3 Re8 36. Rd1 f4 37. Nd5 Re4 38. Nxb6 cxb6 39. Rxd6
Rxc4 40. Rxb6 Ra4 41. Rb2 Kg6 42. Kg2 h5 43. f3 Kg5 44. Kh3 Ra3 45. Rf2 Ra5 46.
Rg2+ Kf6 47. Kh4 Ra3 48. Kxh5 Rxf3 49. Kg4 Rf1 50. h4 f3 51. Rg3 Rf2 52. Rxf3+
Rxf3 53. Kxf3 Kg6 54. a4 1-0

[Event "AUTO-MASTER-2214"]
[Site "http://www.queenalice.com/game.php?id=1330458"]
[Date "2014.12.25"]
[Round "1"]
[White "mauricio_sm"]
[Black "qwertyuiop"]
[Result "1/2-1/2"]
[WhiteElo "1882"]
[BlackElo "1906"]

1. e4 c5 2. Nf3 e6 3. c3 d5 4. exd5 exd5 5. Bb5+ Bd7 6. Qe2+ Qe7 7. Qxe7+ Bxe7
8. Na3 a6 9. Bxd7+ Nxd7 10. O-O Ngf6 11. Re1 Nb6 12. d4 c4 13. Bf4 Nc8 14. Nc2
O-O 15. Ne3 Bd6 16. Bxd6 Nxd6 17. Ne5 Nb5 1/2-1/2

[Event "AUTO-MASTER-2237"]
[Site "http://www.queenalice.com/game.php?id=1337702"]
[Date "2015.1.28"]
[Round "1"]
[White "qwertyuiop"]
[Black "Rutty"]
[Result "1-0"]
[WhiteElo "1990"]
[BlackElo "2129"]

1. d4 d5 2. c4 c6 3. Nf3 Nf6 4. Nc3 Bf5 5. cxd5 cxd5 6. Qb3 b6 7. Bg5 e6 8. Ne5
Be7 9. e3 O-O 10. Be2 Nbd7 11. Nc6 Qe8 12. Nb5 Qc8 13. Nxe7+ 1-0

[Event "AUTO-MASTER-2237"]
[Site "http://www.queenalice.com/game.php?id=1337703"]
[Date "2015.1.28"]
[Round "1"]
[White "Rutty"]
[Black "qwertyuiop"]
[Result "1/2-1/2"]
[WhiteElo "2107"]
[BlackElo "2059"]

1. d4 d5 2. Nf3 Nf6 3. Bf4 c5 4. e3 Nc6 5. dxc5 e6 6. Bb5 Qa5+ 7. Nc3 Ne4 8.
Bxc6+ bxc6 9. O-O Nxc3 10. bxc3 Qxc3 11. Bd6 Bxd6 12. cxd6 Qc5 13. Qd4 Qxd4 14.
exd4 O-O 15. Ne5 Rd8 16. Nxc6 Rxd6 17. Ne7+ Kf8 18. Nxc8 Rxc8 19. Rab1 Rdc6
1/2-1/2

[Event "AUTO-MASTER-2237"]
[Site "http://www.queenalice.com/game.php?id=1337704"]
[Date "2015.1.28"]
[Round "1"]
[White "qwertyuiop"]
[Black "Donidon"]
[Result "0-1"]
[WhiteElo "2061"]
[BlackElo "2422"]

1. d4 Nf6 2. c4 c5 3. d5 b5 4. cxb5 a6 5. bxa6 Bxa6 6. Nc3 d6 7. Nf3 g6 8. g3
Bg7 9. Bg2 O-O 10. O-O Nbd7 11. Re1 Nb6 12. e4 Nfd7 13. Qc2 Nc4 14. b3 Nce5 15.
Bb2 Nd3 16. Red1 Nxb2 17. Qxb2 Qa5 18. Rdc1 f5 19. Ng5 Ne5 20. Bf1 Bxf1 21. Kxf1
Nd3 0-1

[Event "AUTO-MASTER-2237"]
[Site "http://www.queenalice.com/game.php?id=1337705"]
[Date "2015.1.28"]
[Round "1"]
[White "Donidon"]
[Black "qwertyuiop"]
[Result "1-0"]
[WhiteElo "2448"]
[BlackElo "2012"]

1. e4 c5 2. Nf3 e6 3. d4 cxd4 4. Nxd4 Nf6 5. Nc3 Nc6 6. Be3 Bb4 7. Bd3 d5 8.
Nxc6 bxc6 9. exd5 cxd5 10. O-O O-O 11. Bd4 Bxc3 12. Bxc3 Qb6 13. Bd4 Qd8 14. b4
1-0

[Event "AUTO-MASTER-2237"]
[Site "http://www.queenalice.com/game.php?id=1337706"]
[Date "2015.1.28"]
[Round "1"]
[White "qwertyuiop"]
[Black "blanenatelo05"]
[Result "1-0"]
[WhiteElo "2035"]
[BlackElo "2226"]

1. d4 Nf6 2. c4 e6 3. Nc3 Bb4 4. e3 O-O 5. Bd3 d5 6. Nf3 c5 7. O-O Nc6 8. a3
Bxc3 9. bxc3 dxc4 10. Bxc4 cxd4 11. cxd4 Qc7 12. Qd3 Bd7 13. e4 Rac8 14. e5 Ne8
15. Ng5 1-0

[Event "AUTO-MASTER-2237"]
[Site "http://www.queenalice.com/game.php?id=1337707"]
[Date "2015.1.28"]
[Round "1"]
[White "blanenatelo05"]
[Black "qwertyuiop"]
[Result "0-1"]
[WhiteElo "2245"]
[BlackElo "2010"]

1. e4 c5 2. Nf3 e6 3. d4 cxd4 4. Nxd4 Nf6 5. Nc3 Nc6 6. Ndb5 d6 7. Bg5 a6 8. Nd4
Be7 9. Be2 O-O 10. O-O h6 11. Bh4 e5 12. Nb3 Nxe4 13. Bxe7 Nxc3 14. Bxd8 Nxd1
0-1